Czy umiesz zdać egzamin z angielskiego ? - Statystyki

Ogólne statystyki
  • Ten quiz został rozwiązany 141 razy
    120 od ostatniego zresetowania
  • Średni wynik to 12 z 18
Statystyki odpowiedzi
Zagadnienie Odpowiedź % Poprawnych
5.1 Koleżanka pyta Cię, co powinna wziąć na obóz narciarski. Co jej doradzisz? B. You need to have a warm sweater
94%
5.2 Rozmawiasz z kuzynką o swoim przyjacielu. Jak opiszesz jego wygląd? A. He's good-looking.
89%
5.4 Twoja koleżanka upiekła ciasto jabłkowe. Jak wyrazisz swoją pozytywną opinię o nim? It's the best apple cake I've ever had.
89%
6.1 I'm going swimming, and what about you, John ? (doing) ... anything this afternoon? (przykładowa odpowiedź) Are you doing
87%
6.2 No, the black hat is too warm. (help) ... me look for the red one ? (przykładowa odpowiedź) Can you help
87%
12.3 But what is _____ word to guess? B. The Hardest
70%
5.3 Chcesz pożyczyć aparat fotograficzny od swojej cioci. Jak zapytasz ją o pozwolenie? C. Do you mind if I use your camera?
70%
11.3 Our Dessert Scorpions are a great _____ for a birthday or any other occasion B. Gift
66%
11.1 Do you want to eat the scorpion? When people _____ our question they are usually shocked. C. Hear
64%
12.2 One player thinks of a word and tells the other player how _____ letters it has. C. Many
60%
8.2 However, there was one problem. _____. Fortunately, Ace and John found home for him in a national park, where he soon learned to hunt (Lew miał na imię Chris) B. Chris didn't have the skills needed to survive in the wild
57%
13.1 In my opinion science fiction books are (interesting / than) ... historical novels (przykładowa odpowiedź) More / less interesting than
57%
8.3 The lion ran to meet them. That moment was filmed. _____. It quickly became a hit. A. In 2008, the ,,Hugging Lion" video was posted on the internet
55%
13.3 There (be / three / egg) ... in the fridge. To make pancakes we need to buy milk and flour. (przykładowa odpowiedź) Are three eggs
55%
12.1 And you must _____ how to spell the words you use in the game. A. Know
47%
8.1 Two young me, Ace and John, saw him there, sitting in a small cage. _____. Finally, they went back and bought him. (Lew miał na imię Chris) C. They went home but couldn't forget the sad lion
47%
11.2 At first, most people are _____ that they will never be brave enough to try our snack E. Sure
47%
13.2 I checked John's phone number twice before (I / phone) ... him. (przykładowa odpowiedź) I phoned
13%
Nie znaleziono quizów pasujących do podanych kryteriów
Rozkład punktacji
Procent ludzi z każdym wynikiem
Percentyl według liczby udzielonych odpowiedzi
Twoja historia wyników
Nie rozwiązałeś tego quizu od ostatniego zresetowania